02581 a2200325 45000010006000000050017000060080041000230030015000640400040000790800026001192450058001450200018002032500012002212640028002333000025002615051292002860410008015789420007015865900036015931000027016297000029016567000032016857000031017177000030017487000030017788560099018089990015019079520113019229520220020354990020260407155759.0260407a2006 arg spa dAR-UNSa-BCEJYS aAR-UNSa-BCEJYSbspacAR-UNSa-BCEJYS a330.43xEconometría10aIntroducción a la econometríapun enfoque moderno a84-9732-268-1 a2a. ed. 1aMadrid :bThomsonc2006 axxxi, 960 p.c26 cm. a1. La naturaleza de la econometría y los datos econométricos – 2. El modelo del regreso simple – 3. Análisis de la regresión múltiple: estimación – 4. Análisis de la regresión múltiple: inferencia – 5. Análisis de regresión múltiple. Propiedades asintóticas del estimador MCO – 6. Análisis de la regresión múltiple: cuestiones adicionales – 7. Análisis de la regresión múltiple con información cualitativa: variables binarias (o ficticias) - 8. Heretoscedasticidad – 9. Otras cuestiones sobre problemas de especificación y de datos – 10. Análisis de regresión básico con datos de series temporales – 11. Otras cuestiones sobre el uso del estimador MCO con datos de series temporales – 12. Autocorrelación y Heretoscedasticidad en regresiones de series temporales – 13. Secciones cruzadas fusionadas en el tiempo de métodos simples de datos de panel – 14. Métodos avanzados para datos de panel - 15. Estimación por variables instrumentales y mínimos cuadrados en dos etapas – 16. Modelos de ecuaciones simultáneas – 17. Modelos de variables dependientes limitadas y correcciones en la selección muestral – 18. Temas avanzados en series temporales – 19. Como llevar a cabo un trabajo empírico. aspa cBK aniveau_biblio:m niveau_hierar:01 aWooldridge, Jeffrey M.1 aBeyaert Stevens, Arielle1 aCamacho Alonso, Máximo C.1 aQuesada Medina, Alfonso J.1 aSancho Portero, F. Israel1 aGarcía Beyaert, Sofía41uhttps://www.biblioeco.unsa.edu.ar/pmb/images/libros/L128232.jpgyImagen de portadaqimage/jpeg c4914d4914 00104070aBCEJYSbBCEJYSc16d2026-04-07l0o330.43 W913 2ed.pL128232r2026-04-07 15:57:59w2026-04-07yL 00104070aBCEJYSbBCEJYSc16d2026-04-07l0o330.43 W913 2ed.pL128278r2026-04-07 15:57:59w2026-04-07yLzSUBRAYADO CON LÁPIZ Y LAPICERA - CANTO SUPERIOR MANCHADO Y LATERAL - PÀGINAS DOBLADAS DESDE 265 A 278